000 00487nam a2200193Ia 4500
001 29459
003 IN-NITTTR
005 20251114233401.0
008 251113s9999||||xx |||||||||||||| ||eng||
040 _beng
040 _cIN-NITTTR
041 _aeng
082 _a005.82 H97C
100 _aHarini, N.
245 0 _aCryptography and security /
_cHarini, N., Shyamala, C. K., Padmanabhan, T. R.
700 _a Padmanabhan, T. R.
700 _a Shyamala, C. K.
942 _2ddc
_cBK
999 _c32087
_d32087